[Event "Bangalore op 1st"]
[Site "Bangalore"]
[Date "2024.01.19"]
[Round "2"]
[White "Choubey, Saurabh"]
[Black "Aswath, S."]
[Result "0-1"]
[WhiteElo "1991"]
[BlackElo "2369"]
[PlyCount "110"]
[EventDate "2024.01.18"]
[EventType "swiss"]
[EventRounds "10"]
[EventCountry "IND"]
[SourceTitle "CB05_2024"]
[SourceDate "2024.01.31"]
[SourceVersion "1"]
[SourceVersionDate "2024.01.31"]
[SourceQuality "1"]

1. d4 d5 2. c4 e6 3. Nf3 Nf6 4. Nc3 c6 5. e3 Nbd7 6. Be2 b6 7. 0-0 Bb7 8. Bd3 dxc4 9. Bxc4 b5 10. Bd3 Bd6 11. e4 e5 12. dxe5 Nxe5 13. Nxe5 Bxe5 14. Be3 0-0 15. Qe2 Re8 16. f3 a6 17. Rfd1 Qc7 18. g3 c5 19. Qf2 c4 20. Bf1 h5 21. Bb6 Qc6 22. Bd4 Bc7 23. Bxf6 Qxf6 24. Kg2 Bb6 25. Qd2 Rad8 26. Qf4 Qxf4 27. gxf4 Bc7 28. f5 Be5 29. Rxd8 Rxd8 30. Rd1 Rxd1 31. Nxd1 Kf8 32. a4 Ke7 33. axb5 axb5 34. b3 Kd6 35. bxc4 b4 36. Nf2 b3 37. Nd3 b2 38. c5+ Kc7 39. Nxb2 Bxb2 40. Bc4 f6 41. Kg3 Bc6 42. Bf7 Bd4 43. Kh4 Kd8 44. Kxh5 Ke7 45. Kg6 Kf8 46. h4 Bxc5 47. h5 Be3 48. Bc4 Be8+ 49. Kh7 Bxh5 50. Be2 Bh6 51. e5 fxe5 52. f6 Kf7 53. fxg7 Bxg7 54. Bc4+ Kf6 55. Bd5 Bg6+ 0-1

[Event "BAN-chT 1st League"]
[Site "Dhaka"]
[Date "2022.03.18"]
[Round "9.2"]
[White "Dhulipalla, Bala Chandra Prasad"]
[Black "Choubey, Saurabh"]
[Result "1-0"]
[WhiteElo "2422"]
[BlackElo "1993"]
[PlyCount "69"]
[EventDate "2022.03.10"]
[EventType "team-tourn"]
[EventRounds "11"]
[EventCountry "BAN"]
[SourceTitle "EXT 2023"]
[Source "ChessBase"]
[SourceDate "2022.10.05"]
[SourceVersion "1"]
[SourceVersionDate "2022.10.05"]
[SourceQuality "1"]
[WhiteTeam "Palli Sanchoy Bank"]
[BlackTeam "Khelaghor Daba Sangah"]
[WhiteTeamCountry "BAN"]
[BlackTeamCountry "BAN"]

1. d4 Nf6 2. c4 g6 3. g3 Bg7 4. Bg2 0-0 5. Nc3 d6 6. Nf3 c6 7. 0-0 Bf5 8. Bf4 Ne4 9. Na4 d5 10. Qb3 Bc8 11. Ne5 dxc4 12. Qxc4 Nd6 13. Qc2 Nd7 14. Rad1 Qa5 15. Bd2 Qc7 16. f4 Nxe5 17. fxe5 Ne8 18. Nc5 Bf5 19. Qb3 b6 20. Nd3 Rd8 21. Nb4 Rxd4 22. Nxc6 Be6 23. Qa3 Rc4 24. Nxe7+ Kh8 25. Bc3 Rc5 26. Nd5 Bxd5 27. Rxd5 Rxd5 28. Bxd5 Kg8 29. e6 Nd6 30. exf7+ Nxf7 31. Bxg7 Kxg7 32. Qxf8+ Kxf8 33. Bxf7 Qxf7 34. Rxf7+ Kxf7 35. Kf2 1-0

[Event "Hyderabad op 3rd"]
[Site "Hyderabad"]
[Date "2019.08.20"]
[Round "1"]
[White "Sahoo, Utkal Ranjan"]
[Black "Choubey, Saurabh"]
[Result "1-0"]
[WhiteElo "2278"]
[BlackElo "1764"]
[PlyCount "81"]
[EventDate "2019.08.20"]
[EventType "swiss"]
[EventRounds "10"]
[EventCountry "IND"]
[SourceTitle "EXT 2020"]
[Source "ChessBase"]
[SourceDate "2019.10.17"]
[SourceVersion "1"]
[SourceVersionDate "2019.10.17"]
[SourceQuality "1"]

1. d4 g6 2. Nf3 Bg7 3. c3 d6 4. Bg5 h6 5. Bh4 g5 6. Bg3 Nf6 7. Qc2 Nh5 8. e4 Nc6 9. Be2 Nxg3 10. hxg3 e5 11. d5 Ne7 12. Nh2 c6 13. c4 cxd5 14. cxd5 f5 15. Bh5+ Kf8 16. Nc3 Bd7 17. 0-0 f4 18. Rac1 Qb6 19. Kh1 Kg8 20. Qe2 Kh7 21. Rc2 Rhf8 22. Rfc1 Rac8 23. Bg4 Qd8 24. Bxd7 Qxd7 25. Qb5 Rfd8 26. Qxd7 Rxd7 27. Nb5 Rxc2 28. Rxc2 a6 29. Nc7 fxg3 30. fxg3 Ng8 31. Ng4 Nf6 32. Nxf6+ Bxf6 33. g4 Kg6 34. Kh2 h5 35. Kh3 Rh7 36. g3 h4 37. Rc1 Rf7 38. Ne6 hxg3 39. Kxg3 Bg7 40. Rc8 Rd7 41. b4 1-0

[Event "Udaipur Lakecity op 3rd"]
[Site "Udaipur"]
[Date "2019.03.30"]
[Round "5"]
[White "Choubey, Saurabh"]
[Black "Matta, Vinay Kumar"]
[Result "0-1"]
[WhiteElo "1826"]
[BlackElo "2146"]
[PlyCount "72"]
[EventDate "2019.03.28"]
[EventType "swiss"]
[EventRounds "8"]
[EventCountry "IND"]
[SourceTitle "CBM 189 Extra"]
[Source "ChessBase"]
[SourceDate "2019.06.03"]
[SourceVersion "1"]
[SourceVersionDate "2019.06.03"]
[SourceQuality "1"]

1. Nf3 Nf6 2. c4 g6 3. g3 Bg7 4. Bg2 0-0 5. Nc3 Nc6 6. d4 d5 7. cxd5 Nxd5 8. 0-0 Nb6 9. e3 e5 10. d5 Nb4 11. e4 c6 12. Qb3 Na6 13. Bg5 Qd6 14. Rfd1 cxd5 15. Nxd5 Nxd5 16. Rxd5 Qb4 17. Qxb4 Nxb4 18. Rd2 Nc6 19. Bf1 Bg4 20. Ne1 Be6 21. Nd3 Rfc8 22. Be3 b6 23. f3 Bf8 24. Be2 f6 25. Kf2 Nb4 26. Nxb4 Bxb4 27. Rdd1 Rc2 28. b3 Rac8 29. a3 Bc5 30. b4 Bxe3+ 31. Kxe3 R8c3+ 32. Bd3 Bc4 33. h4 Rb3 34. Rab1 Rxa3 35. Ra1 Rcc3 36. Rxa3 Rxa3 0-1

[Event "Mumbai Wealth op 3rd"]
[Site "Mumbai"]
[Date "2018.01.01"]
[Round "3"]
[White "Choubey, Saurabh"]
[Black "Lye, Lik Zang"]
[Result "0-1"]
[WhiteElo "1700"]
[BlackElo "2247"]
[PlyCount "106"]
[EventDate "2017.12.30"]
[EventType "swiss"]
[EventRounds "9"]
[EventCountry "IND"]
[SourceTitle "CBM 182 Extra"]
[Source "ChessBase"]
[SourceDate "2018.02.23"]
[SourceVersion "1"]
[SourceVersionDate "2018.02.23"]
[SourceQuality "1"]

1. d4 d5 2. c4 c6 3. Nf3 Nf6 4. Nc3 dxc4 5. a4 Bf5 6. e3 e6 7. Bxc4 Bb4 8. 0-0 0-0 9. Qe2 Nbd7 10. e4 Bg6 11. Bd3 Bh5 12. e5 Nd5 13. Nxd5 cxd5 14. Qe3 Be7 15. Ne1 Bg6 16. Bxg6 hxg6 17. Nd3 Nb8 18. Bd2 Nc6 19. a5 Rc8 20. g3 Qd7 21. h4 b6 22. a6 Nb8 23. Ra2 Qb5 24. Rfa1 Rc4 25. b3 Rc6 26. Nf4 Rfc8 27. Qd3 Qxd3 28. Nxd3 Rc2 29. Kf1 Kf8 30. Ke1 Ke8 31. Kd1 Rxa2 32. Rxa2 Kd7 33. Bb4 Bxb4 34. Nxb4 Rc3 35. Rb2 Nc6 36. Nc2 Na5 37. b4 Nc4 38. Ra2 Kc6 39. Ke2 Kb5 40. Kd1 Rd3+ 41. Ke2 Rb3 42. Kd1 Rb1+ 43. Ke2 Rb2 44. Rxb2 Nxb2 45. Kd2 Kxa6 46. Ne3 Nc4+ 47. Nxc4 dxc4 48. Kc3 Kb5 49. g4 a5 50. bxa5 bxa5 51. f4 a4 52. d5 exd5 53. f5 a3 0-1

[Event "Bhopal op"]
[Site "Bhopal"]
[Date "2017.12.21"]
[Round "1"]
[White "Wohl, Aleksandar H"]
[Black "Choubey, Saurabh"]
[Result "1-0"]
[WhiteElo "2370"]
[BlackElo "1700"]
[PlyCount "39"]
[EventDate "2017.12.21"]
[EventType "swiss"]
[EventRounds "10"]
[EventCountry "IND"]
[SourceTitle "CBM 182 Extra"]
[Source "ChessBase"]
[SourceDate "2018.02.23"]
[SourceVersion "1"]
[SourceVersionDate "2018.02.23"]
[SourceQuality "1"]

1. e4 e5 2. Nf3 Nc6 3. Nc3 Nf6 4. Be2 Bb4 5. Nd5 Nxe4 6. Nxb4 Nxb4 7. Nxe5 d6 8. a3 dxe5 9. axb4 Qd4 10. 0-0 Qxb4 11. c3 Nxf2 12. Rxf2 Qb6 13. Qa4+ Bd7 14. Qa3 a6 15. d4 exd4 16. Bg5 f6 17. Bh5+ Kd8 18. Re1 Qd6 19. Qxd6 cxd6 20. Bd2 1-0